[Event "Nikaia op 18th"]
[Site "Nikaia"]
[Date "2010.08.20"]
[Round "1"]
[White "Tyralis, Hristos"]
[Black "Galanos, Dimitrios"]
[Result "1-0"]
[WhiteElo "1899"]
[BlackElo "2158"]
[PlyCount "93"]
[EventDate "2010.08.20"]
[EventType "swiss"]
[EventRounds "9"]
[EventCountry "GRE"]
[SourceTitle "CBM 138 Extra"]
[Source "ChessBase"]
[SourceDate "2010.10.29"]
[SourceVersion "1"]
[SourceVersionDate "2010.10.29"]
[SourceQuality "1"]

1. d4 Nf6 2. c4 g6 3. Nc3 d5 4. cxd5 Nxd5 5. g3 Bg7 6. Bg2 Nxc3 7. bxc3 0-0 8. Nf3 c5 9. 0-0 Nc6 10. Be3 Qa5 11. Qb3 cxd4 12. Nxd4 Nxd4 13. Bxd4 e5 14. Be3 Qa6 15. Bc5 Re8 16. Bd5 Qf6 17. Rfd1 e4 18. Rab1 e3 19. Bxe3 Bf5 20. Rbc1 Rxe3 21. fxe3 Bh6 22. c4 Re8 23. Rc3 Qe7 24. Qxb7 Bxe3+ 25. Kg2 Qf6 26. Rb3 Bg4 27. Bf3 h5 28. Rbd3 Bc5 29. Qd5 Rxe2+ 30. Bxe2 Qf2+ 31. Kh1 Bxe2 32. Qg2 Bxd3 33. Qxf2 Be4+ 34. Qg2 Bxg2+ 35. Kxg2 Kg7 36. Rd5 Be7 37. Kf3 Kf6 38. Ra5 g5 39. Rxa7 g4+ 40. Ke4 Bc5 41. Ra5 Bg1 42. Rxh5 Kg6 43. Rh8 f5+ 44. Kd5 Kg7 45. Rh4 Be3 46. Ke6 Kg6 47. Rh8 1-0

[Event "Athens op"]
[Site "Athens"]
[Date "2008.06.15"]
[Round "2"]
[White "Kakadelis, Stratos"]
[Black "Tyralis, Hristos"]
[Result "1-0"]
[WhiteElo "2129"]
[BlackElo "1902"]
[PlyCount "93"]
[EventDate "2008.06.14"]
[EventType "swiss"]
[EventRounds "9"]
[EventCountry "GRE"]
[SourceTitle "CBM 125 Extra"]
[Source "ChessBase"]
[SourceDate "2008.09.01"]
[SourceVersion "1"]
[SourceVersionDate "2008.09.01"]
[SourceQuality "1"]

1. c4 e5 2. Nc3 Nc6 3. g3 Nf6 4. Bg2 g6 5. d3 Bg7 6. Bd2 0-0 7. Rb1 a5 8. h4 d6 9. Nh3 Bd7 10. Qc1 Re8 11. Ng5 Nh5 12. Bd5 Be6 13. Nxe6 fxe6 14. Bf3 Qf6 15. Bg5 Qf7 16. 0-0 Nf6 17. a3 Rab8 18. b4 axb4 19. axb4 Nd4 20. Bg2 Nf5 21. Qd1 c6 22. b5 Qd7 23. bxc6 bxc6 24. Qa4 Ne7 25. Ne4 Nxe4 26. Bxe4 d5 27. Bg2 Ra8 28. Qb3 Ra7 29. Be3 Rc7 30. Bc5 Nf5 31. e3 Nd6 32. Qd1 Rb7 33. Ra1 e4 34. Ra6 exd3 35. cxd5 exd5 36. Qxd3 Nf7 37. Rd1 Kh8 38. e4 Ne5 39. Qf1 Rb5 40. Ra7 Qg4 41. Bd4 dxe4 42. Bxe5 Bxe5 43. Rdd7 Reb8 44. Rxh7+ Kg8 45. Bh3 Qxg3+ 46. fxg3 Bd4+ 47. Kh1 1-0

[Event "Ambelokipi op 78th"]
[Site "Athens"]
[Date "2007.06.02"]
[Round "7"]
[White "Fanourgakis, Konstantinos"]
[Black "Tyralis, Hristos"]
[Result "1/2-1/2"]
[WhiteElo "1889"]
[BlackElo "1806"]
[PlyCount "106"]
[EventDate "2007.05.12"]
[EventType "swiss"]
[EventRounds "7"]
[EventCountry "GRE"]
[SourceTitle "EXT 2008"]
[Source "ChessBase"]
[SourceDate "2007.11.25"]
[SourceVersion "1"]
[SourceVersionDate "2007.11.25"]
[SourceQuality "1"]

1. e4 c5 2. Nf3 d6 3. d4 cxd4 4. Nxd4 Nf6 5. Nc3 a6 6. Be2 e5 7. Nb3 Be7 8. Be3 Be6 9. Qd2 b5 10. f3 0-0 11. Nd5 Nxd5 12. exd5 Bf5 13. Bd3 Bxd3 14. Qxd3 Nd7 15. 0-0 Bg5 16. Bxg5 Qxg5 17. Rad1 f5 18. Na5 Nc5 19. Qe2 Rf6 20. Nc6 Rh6 21. Qf2 f4 22. Rfe1 Kf7 23. Nxe5+ dxe5 24. Qxc5 Qh4 25. h3 Rg6 26. Kf1 Qg5 27. Rd2 Rd8 28. Qc7+ Kg8 29. Qxe5 Qg3 30. d6 Qh2 31. Qc5 Qh1+ 32. Qg1 Qxg1+ 33. Kxg1 Rgxd6 34. Re8+ Rxe8 35. Rxd6 Re2 36. Rc6 a5 37. Kf1 Rd2 38. a3 Rd1+ 39. Ke2 Rg1 40. Kf2 Rb1 41. b3 Ra1 42. Rc5 Ra2 43. g3 fxg3+ 44. Kxg3 a4 45. bxa4 bxa4 46. Rc3 Kf7 47. Kf4 Rb2 48. Rc4 Ra2 49. Rxa4 Rxc2 50. Ra6 Rc4+ 51. Kg3 g5 52. a4 h5 53. a5 h4+ 1/2-1/2